Технология стекла: учебник для технологических вузов

Dades bibliogràfiques
Altres autors: Китайгородский И. И. Исаак Ильич (редактор), Качалов Н. Н., Варгин В. В., Евстропьев К. С., Гинзбург Д. Б.
Idioma:rus
Publicat: Москва, Госстройиздат, 1961
Edició:3-е, изд., переработ.
Matèries:
Format: MixedMaterials Llibre
KOHA link:https://koha.lib.tpu.ru/cgi-bin/koha/opac-detail.pl?biblionumber=73820

MARC

LEADER 00000nam0a2200000 4500
001 73820
005 20231031084758.0
035 |a (RuTPU)RU\TPU\book\78753 
090 |a 73820 
100 |a 20050222d1961 m y0rusy50 ca 
101 0 |a rus 
102 |a RU 
105 |a a j 001zy 
200 1 |a Технология стекла  |e учебник для технологических вузов  |f И. И. Китайгородский, Н. Н. Качалов, В. В. Варгин и др.  |g под ред. И. И. Китайгородского 
205 |a 3-е, изд., переработ. 
210 |a Москва  |c Госстройиздат  |d 1961 
215 |a 623 с.  |c ил.  |e 1 л. схем 
320 |a Библиогр.: с. 612-615. 
610 1 |a учебники 
610 1 |a технология 
610 1 |a изготовление 
610 1 |a стекло 
610 1 |a сырье 
675 |a 661.1(075.8)  |v 3 
701 1 |a Китайгородский  |b И. И.  |g Исаак Ильич 
701 1 |a Качалов  |b Н. Н. 
701 1 |a Варгин  |b В. В. 
701 1 |a Евстропьев  |b К. С. 
701 1 |a Гинзбург  |b Д. Б. 
702 1 |a Китайгородский  |b И. И.  |g Исаак Ильич  |4 340 
801 1 |a RU  |b 63413507  |c 20050222  |g PSBO 
801 2 |a RU  |b 63413507  |c 20160520  |g PSBO 
942 |c BK